| 000 | 00511nam a2200133Ia 4500 | ||
|---|---|---|---|
| 008 | 220615s9999||||xx |||||||||||||| ||und|| | ||
| 020 | _a9782890000000 | ||
| 245 | 0 | _aNovel Frontiers in Helminth Genomics | |
| 546 | _aEnglish[eng] | ||
| 650 | _aflatworm||nematodes||genomics||helminths||neglected diseases | ||
| 700 | _aTort, Jose F.||Rinaldi, Gabriel||Mitreva, Makedonka||Rüdiger Brehm, Klaus | ||
| 856 | _uhttps://www.frontiersin.org/research-topics/8580/novel-frontiers-in-helminth-genomics | ||
| 942 | _cEB | ||
| 999 |
_c15239 _d15239 |
||